zpět

Detail výsledku týmu

Organza, Liberec

Datum a čas kvízu

28 Celkem bodů Celkový počet nahraných bodů na tomto kvízu bez doplňovacích otázek.
6. Pořadí na kvízu Konečné umístění týmu na tomto kvízu.

Zaznamenané odpovědi

# Otázka Odpověď Body Výsledky
1. Která česká politička se stala... Markéta Pekarová-Adamová 0
2. Ve středu se do vesmíru po něk... Atlas 1
3. Ve čtvrtek měl v českých kinec... Mizerové: Na život a na smrt 0.5
4. Nejnovější mobilní asistenční... Gemini 1
5. Kateřina Siniaková v neděli zí... Coco Gauff 0
6. Dostanete vždy pět indicií, kt... Anna Kareninová/Karenina 0
7. Irsko – Homér – Bloom – jeden... Odysseus 0
8. Nashville – Felis – žár – Puli... Kočka na rozpálené plechové střeše 0
9. Roman – okupace – Tibet – Lakm... Spalovač mrtvol 0
10. Karviná – kronika – sv. Petr... Šikmý kostel 0